000 00775nas a2200265 4500
001 BR2015004432
003 BR-BrBNA
005 20231205125606.0
007 ta
008 230509b bl.|||p| |||| 00| 00por d
040 _aBR-BrBNA
_bpor
_cBiblioteca Nacional de Agricultura
041 _a(En)
072 _aH20
100 1 _aMendes, G. da R.L.
100 1 _aReis, T.A. dos
100 1 _aCorrêa, B.
100 1 _aBadiale-Furlong
245 1 _aMycobiota and occurrence of Fumonisin B in wheat harvested in southern Brazil
650 _aTRIGO
650 _aFUSARIUM
650 _aFUNGO
773 0 _tCiência Rural (Brazil)
_xISSN 0103-8478
_g(Jun 2015), v. 45(6) p. 1050-1057
_wBR2015004432
909 _a202311
_bLúcia
_c55
_dLúcia Elande
942 _2AGRIS
_n0
_cANA
999 _c245079
_d245079